MARC

LEADER 00000nam0a2200000 4500
001 114937
005 20231101215227.0
010 |a 5939690157 
035 |a (RuTPU)RU\TPU\book\124299 
090 |a 114937 
100 |a 20070428d2002 k y0rusy50 ca 
101 0 |a rus 
102 |a RU 
105 |a a z 001zy 
200 1 |a Висбрекинг нефтяного сырья  |f Н. А. Пивоварова, Б. П. Туманян, Б. И. Белинский 
210 |a Москва  |c Техника  |d 2002 
215 |a 64 с.  |c ил. 
320 |a Библиогр.: с. 59-62. 
606 1 |a Висбрекинг  |2 stltpush  |3 (RuTPU)RU\TPU\subj\65860  |9 82211 
610 1 |a нефть 
610 1 |a нефтепродукты 
610 1 |a строение 
610 1 |a химизм 
610 1 |a процессы 
610 1 |a режимные показатели 
610 1 |a коксообразование 
610 1 |a технологические схемы 
610 1 |a кинетические модели 
610 1 |a материальный баланс 
610 1 |a расчет 
610 1 |a печи 
610 1 |a проектирование 
675 |a 665.637  |v 3 
700 1 |a Пивоварова  |b Н. А. 
701 1 |a Туманян  |b Б. П. 
701 1 |a Белинский  |b Б. И. 
801 1 |a RU  |b 63413507  |c 20070428  |g PSBO 
801 2 |a RU  |b 63413507  |c 20201022  |g PSBO 
942 |c BK 
959 |a 35/20070428  |d 3  |e 0  |f УФ:3